[Event "FICGS class C 000100 email"]
[Site "FICGS email"]
[Date "2008.11.09"]
[Round "1"]
[White "Morgan, Peter"]
[Black "Dande, Animish"]
[Result "1-0"]
[WhiteElo "1770"]
[BlackElo "1824"]
[PlyCount "33"]
[EventDate "2008.??.??"]
[EventType "tourn (corr)"]
[EventRounds "4"]
[SourceTitle "Corr 2022"]
[Source "ChessBase"]
[SourceDate "2021.10.24"]
[SourceVersion "1"]
[SourceVersionDate "2021.10.24"]
[SourceQuality "1"]

1. c4 e5 2. Nc3 Nf6 3. Nf3 Bb4 4. Nxe5 d6 5. Qa4+ c6 6. Nxf7 Kxf7 7. Qxb4 Qe7 8. Qb3 Be6 9. d4 Rf8 10. e4 Na6 11. f3 Nc7 12. Qxb7 Qd7 13. d5 Rfb8 14. Qxc6 Qxc6 15. dxc6 Kg8 16. Nb5 Nxb5 17. cxb5 1-0

[Event "FICGS class D 000109 email"]
[Site "FICGS email"]
[Date "2008.11.05"]
[Round "1"]
[White "Morgan, Peter"]
[Black "Sternik, Ryszard"]
[Result "1/2-1/2"]
[WhiteElo "1770"]
[BlackElo "1766"]
[PlyCount "115"]
[EventDate "2008.??.??"]
[EventType "tourn (corr)"]
[EventRounds "6"]
[SourceTitle "Corr 2022"]
[Source "ChessBase"]
[SourceDate "2021.10.24"]
[SourceVersion "1"]
[SourceVersionDate "2021.10.24"]
[SourceQuality "1"]

1. c4 Nf6 2. Nc3 e5 3. Nf3 Nc6 4. g3 d5 5. cxd5 Nxd5 6. d3 Be7 7. Bg2 Be6 8. 0-0 0-0 9. Bd2 Qd7 10. Ne4 Rad8 11. Rc1 Nf6 12. Nxf6+ Bxf6 13. Qa4 Nd4 14. Qd1 Bd5 15. Nxd4 Bxg2 16. Kxg2 exd4 17. Re1 Rfe8 18. Qc2 c6 19. Qa4 a6 20. Qc4 Re5 21. Bf4 Rh5 22. h4 Re8 23. b3 h6 24. e4 dxe3 25. Rxe3 Rxe3 26. Bxe3 Ra5 27. a4 Rd5 28. Rd1 a5 29. Qe4 c5 30. Qf4 Be5 31. Qe4 b6 32. Qf3 Qd8 33. Qe4 Bc3 34. Bf4 Rd4 35. Qf3 Rb4 36. Rb1 Qd7 37. Rc1 Bd4 38. Rb1 Qe6 39. h5 Bc3 40. Be3 Kh7 41. Kh2 f5 42. Kg1 Qf7 43. Bf4 Qd7 44. Qe2 Bf6 45. Qf3 Rd4 46. Rd1 Qe6 47. Be3 Rd8 48. Bd2 Qxb3 49. Qxf5+ Kh8 50. Re1 Qxa4 51. Bxh6 Qd7 52. Re6 a4 53. Bf4 Kg8 54. Rxf6 gxf6 55. Qxf6 Rf8 56. Qg5+ Qg7 57. Qd5+ Qf7 58. Qg5+ 1/2-1/2